Guess the language - Statistics

General Stats
  • This quiz has been taken 38 times
  • The average score is 7 of 10
Answer Stats
Question Answer % Correct
Suid-Afrika het drie amptelike hoofstede. Afrikaans
97%
Σήμερα πήγαμε στην παραλία και κάναμε ηλιοθεραπεία. (Símera pígame stin paralía kai káname iliotherapeía) Greek
94%
Cześć, nazywam się Piotr i mieszkam w stolicy Polski, Warszawie. Polish
92%
نتحدث هذه اللغة في الغالب في منطقة تسمى الشرق الأوسط. (natahadath hadhih allughat fi alghalib fi mintaqat tusamaa alsharq al'awsata.) Arabic
89%
世界最大の都市は東京です (Sekai saidai no toshi wa Tōkyōdesu) Japanese
89%
Hodie Romae eram et Colosseum visitavi. Latin
86%
मेरा नाम जेम्स है और मैं दस साल से मशीन फैक्ट्री में काम करता हूं। (mera naam jems hai aur main das saal se masheen phaiktree mein kaam karata hoon.) Hindi
67%
Mitt land har mycket stora skogar och stora sjöar. Swedish
58%
Even tho aka continente uksanx walja jaqinakaw español ukat portugués ukak arsupxi, ukampis yaqhip indígenas arunakax utjarakiwa. Aymara
22%
Бүген кибеткә кереп, биш икмәк сатып алдым. (Bügen kibetkä kerep, biš ikmäk satyp aldym.) Tatar
22%
No matching quizzes found
Score Distribution
Percent of People with Each Score
Percentile by Number Answered
Your Score History
You have not taken this quiz